Top 5 European Leagues Top Assisters: 2021/22 - Statistics

General Stats
  • This quiz has been taken 12 times
  • The average score is 17 of 30
Answer Stats
League Assists Club Nationality Player % Correct
Premier League 10 Liverpool Scotland Andy Robertson
91%
Bundesliga 12 Bayern Munich Germany Joshua Kimmich
91%
Ligue 1 19 PSG France Kylian Mbappe
91%
Bundesliga 16 Borussia Dortmund Germany Marco Reus
91%
Premier League 13 Liverpool Egypt Mohamed Salah
91%
La Liga 11 Real Madrid Brazil Vinicius Junior
91%
La Liga 12 Real Madrid France Karim Benzema
82%
Ligue 1 15 PSG Argentina Lionel Messi
82%
La Liga 13 Barcelona France Ousmane Dembele
82%
Bundesliga 21 Bayern Munich Germany Thomas Muller
82%
Bundesliga 15 Leipzig France Christopher Nkunku
73%
Serie A 13 Inter Turkey Hakan Calhanoglu
73%
Premier League 12 Liverpool England Trent Alexander-Arnold
73%
Premier League 12 West Ham England Jarrod Bowen
64%
Serie A 13 Inter Italy Nicolo Barella
64%
Serie A 11 Lazio Serbia Sergej Milinkovic-Savic
64%
Serie A 11 Lazio Spain Luis Alberto
55%
Premier League 10 Chelsea England Mason Mount
55%
Bundesliga 12 Bayer Leverkusen France Moussa Diaby
45%
Serie A 17 Sassuolo Italy Domenico Berardi
36%
La Liga 10 Barcelona Spain Jordi Alba
36%
Ligue 1 11 Monaco Germany Kevin Volland
36%
Serie A 12 Sampdoria Italy Antonio Candreva
27%
La Liga 10 Villarreal Spain Dani Parejo
27%
Premier League 10 Leicester England Harvey Barnes
27%
La Liga 11 Athletic Bilbao Spain Iker Muniain
18%
Bundesliga 13 Hoffenheim Germany David Raum
9%
Ligue 1 11 Lens France Jonathan Clauss
9%
Ligue 1 13 Rennes France Benjamin Bourigeaud
0%
La Liga 10 Espanyol Spain Sergi Darder
0%
No matching quizzes found
Score Distribution
Percent of People with Each Score
Percentile by Number Answered
Your Score History
You have not taken this quiz